| 000 | 00814aam a2200301 i 4500 | ||
|---|---|---|---|
| 001 | 768714001 | ||
| 003 | CO-MdFUSB | ||
| 005 | 20250521092312.0 | ||
| 007 | ta | ||
| 008 | 250520t1988 -us||||| |||| 00| 0 eng d | ||
| 020 | _a0-310-75350-3 | ||
| 040 | _cCO-MdFUSB | ||
| 041 | 0 | _aeng | |
| 082 | 0 | 4 |
_223 _a248.4 _bC7852b |
| 100 | 1 |
_aCoppedge, Allan _eautor |
|
| 245 | 1 | 0 |
_aThe biblical principles of discipleship _c/ Allan Coppedge |
| 264 | 1 |
_bFrancis Asbury Press, _aGrand Rapids, MI., USA : _c[1988] |
|
| 264 | 4 | _a©1988 | |
| 300 | _a175 páginas | ||
| 336 |
_atexto _btxt _2rdacontent |
||
| 337 |
_2rdamedia _asin mediación _bn |
||
| 338 |
_2rdacarrier _avolumen _bnc |
||
| 563 | _aRústico | ||
| 650 | 1 | 0 |
_aVida cristiana _919 |
| 942 | _cBK | ||
| 945 | _aElías Tolentino | ||
| 999 |
_c35747 _d35747 |
||